Transport laws of the world; Rail conventions and agreements; Air conventions and agreements; Maritime conventions and agreements; Road conventions and agreements (Record no. 1162240)
[ view plain ]
| 000 -LEADER | |
|---|---|
| fixed length control field | 00781nam a2200241Ia 4500 |
| 003 - CONTROL NUMBER IDENTIFIER | |
| control field | OSt |
| 005 - DATE AND TIME OF LATEST TRANSACTION | |
| control field | 20221007081147.0 |
| 008 - FIXED-LENGTH DATA ELEMENTS--GENERAL INFORMATION | |
| fixed length control field | 221006b |||||||| |||| 00| 0 eng d |
| 037 ## - SOURCE OF ACQUISITION | |
| Terms of availability | Textual |
| 040 ## - CATALOGING SOURCE | |
| Original cataloging agency | FLL |
| Transcribing agency | FLL |
| Language of cataloging | eng |
| 041 ## - LANGUAGE CODE | |
| Source of code | eng |
| Language code of text/sound track or separate title | eng |
| 100 ## - MAIN ENTRY--PERSONAL NAME | |
| Personal name | Hill Don |
| 9 (RLIN) | 696566 |
| 245 #0 - TITLE STATEMENT | |
| Title | Transport laws of the world; Rail conventions and agreements; Air conventions and agreements; Maritime conventions and agreements; Road conventions and agreements |
| 260 ## - PUBLICATION, DISTRIBUTION, ETC. | |
| Place of publication, distribution, etc. | New York |
| Name of publisher, distributor, etc. | Oceana Publications, Inc. New |
| Date of publication, distribution, etc. | 1977 |
| 300 ## - PHYSICAL DESCRIPTION | |
| Extent | d.p. |
| Dimensions | cm. |
| 700 ## - ADDED ENTRY--PERSONAL NAME | |
| Personal name | Evans Malcolm |
| 9 (RLIN) | 58913 |
| 942 ## - ADDED ENTRY ELEMENTS (KOHA) | |
| Classification part | X4:Z1, L7.1 |
| Koha item type | Textual |
| Source of classification or shelving scheme | Colon Classification (CC) |
| Withdrawn status | Lost status | Source of classification or shelving scheme | Damaged status | Not for loan | Home library | Current library | Date acquired | Total Checkouts | Full call number | Barcode | Date last seen | Price effective from | Koha item type |
|---|---|---|---|---|---|---|---|---|---|---|---|---|---|
| Colon Classification (CC) | Faculty of Law Library | Faculty of Law Library | 2022-10-07 | X4:Z1 L7.1 | LL0579620 | 2022-10-07 | 2022-10-07 | Textual |
